| 000 | 00428nam a2200157 a 4500 | ||
|---|---|---|---|
| 001 | 000028161 | ||
| 005 | 20200930031412.0 | ||
| 008 | 110407s1985 dr c 000 0 spa d | ||
| 040 |
_aDO-SdBNP _bspa _cBNPHU |
||
| 082 |
_axxxx _bI43a |
||
| 245 | 0 | 0 | _aInforme anual 1985. |
| 260 |
_aSanto Domingo : _bFDD, _c[1985]. |
||
| 300 |
_a38 p. : _bretrs. ; _c27 cm. |
||
| 710 | 2 |
_aFundación Dominicana de Desarrollo _954592 |
|
| 049 | _aBNPD | ||
| 999 |
_c27653 _d27653 |
||